000 00206nam a2200097Ia 4500
008 190216s9999||||xx |||||||||||||| ||und||
100 _aNil
245 0 _aGadya Manjari
260 _bS Chand & Co
942 _cBK
999 _c15392
_d15392